| 000 | 01481cam a2200469Ma 4500 | ||
|---|---|---|---|
| 001 | 73363 | ||
| 003 | BJBSDDR | ||
| 005 | 20240613112605.0 | ||
| 007 | ta | ||
| 008 | 071113s2007 fr b 000 0 fre d | ||
| 020 | _a9782707152763 | ||
| 020 | _a2707152765 | ||
| 029 | 1 |
_aZWZ _b117396230 |
|
| 035 | _a(OCoLC)ocn300155232 | ||
| 035 | _a(OCoLC)300155232 | ||
| 040 |
_aRUQBL _bfre _cRUQBL _dFRBML _dBDF _dRBA |
||
| 041 | _afre | ||
| 050 | 1 | 4 |
_aHF 1385 _bR155o 2007 |
| 100 | 1 |
_aRainelli, Michel _934764 |
|
| 245 | 1 | 2 |
_aL'Organisation mondiale du commerce / _cMichel Rainelli. |
| 250 | _a8e édition | ||
| 260 |
_aParis : _bLa Découverte, _c2007. |
||
| 300 |
_a117 pages ; _c18 cm. |
||
| 490 | 1 |
_aReperes; _vn. 193 |
|
| 504 | _aComprend des réf. bibliogr. : (p. 109-[113]). | ||
| 610 | 2 | 6 | _aOrganisation mondiale du commerce. |
| 610 | 2 | 6 | _aAccord général sur les tarifs douaniers et le commerce (Organisation) |
| 610 | 2 | 0 | _aWorld Trade Organization. |
| 610 | 2 | 0 |
_aOrganización Mundial del Comercio _913080 |
| 650 | 6 | _aCommerce international. | |
| 650 | 4 |
_aComercio exterior _913575 |
|
| 650 | 6 | _aPolitique commerciale. | |
| 650 | 6 | _aAccords commerciaux. | |
| 650 | 6 |
_aCommerce extérieur _xRéglementation. |
|
| 650 | 0 | _aInternational trade. | |
| 650 | 0 | _aForeign trade regulation. | |
| 650 | 0 | _aCommercial policy. | |
| 650 | 0 | _aProtectionism. | |
| 830 | 0 |
_aCollection Reperes _pEconomie _vn. 193 _910998 |
|
| 942 |
_2lcc _cBK |
||
| 946 | _amjcruz | ||
| 999 |
_c33802 _d33802 |
||